10 grootste steden Texas - Statistieken

Algemene statistieken
  • Deze quiz is 25 keer genomen
  • De gemiddelde score is 5 van 10
Antwoordstatistieken
Inwoners Antwoord % Correct
2.144.491 Houston
95%
1.232.940 Dallas
90%
709.893 Austin
75%
1.296.682 San Antonio
65%
653.320 Fort Worth
60%
609.415 El Paso
40%
285.267 Corpus Christi
25%
255.009 Plano
15%
367.197 Arlington
10%
217.963 Garland
0%
Geen overeenkomende quizzen gevonden
Scoreverdeling
Procent van Mensen met Elke Score
Percentiel versus Aantal Correcte Antwoorden
Uw Scoregeschiedenis
U heeft deze quiz nog niet genomen